[Event "TCh-FRA Top 16 GpA 2022"]
[Site "Chartres FRA"]
[Date "2022.06.09"]
[Round "1.3"]
[Board "6"]
[White "Hirth, Julien"]
[Black "Stephan, Victor"]
[Result "0-1"]
[BlackTitle "IM"]
[WhiteElo "2072"]
[BlackElo "2390"]
[WhiteTeam "Club 608 d'Echecs Paris"]
[BlackTeam "C'Chartres Echecs"]
[WhiteFideId "636606"]
[BlackFideId "656666"]
[EventDate "2022.06.09"]

1. e4 c5 2. c3 Nf6 3. e5 Nd5 4. Nf3 e6 5. d4 cxd4 6. cxd4 b6 7. Bd3 Bb4+ 8. Bd2
Bxd2+ 9. Nfxd2 Ba6 10. Ne4 O-O 11. O-O Bxd3 12. Qxd3 Nc6 13. Nbc3 f5 14. exf6
Nxf6 15. d5 Nb4 16. Nxf6+ Qxf6 17. Qe4 Na6 18. dxe6 Nc5 19. Qc4 Nxe6 20. Rad1
Rac8 21. Qd5 Kh8 22. Qxd7 Nf4 23. Nd5 Nxd5 24. Qxd5 Qxb2 25. Rd2 Qb4 26. Rd4 Qe7
27. Qd7 Qf6 28. Rd6 Qe5 29. Rd5 Qb2 30. Rd2 Qb4 31. Rd4 Qc5 32. Rd5 Qa3 33. Rd2
h6 34. Rfd1 Rc1 35. Rxc1 Qxc1+ 36. Rd1 Qc2 37. Qd2 Rc8 38. h4 Rc4 39. Qd8+ Kh7
40. h5 Rc5 41. Rd5 Qc1+ 42. Rd1 Qc4 43. Qe8 Qg4 44. f3 Qxh5 45. Qxh5 Rxh5 46.
Kf2 Ra5 47. Rd2 Ra3 48. Ke2 Kg6 49. Kd1 Kf5 50. Kc1 g5 51. Re2 Kf4 52. Kb2 Re3
53. Rd2 Kg3 54. Kc2 Ra3 55. Kb2 Ra5 56. Re2 h5 57. Kb3 0-1

[Event "TCh-FRA Top 16 GpA 2022"]
[Site "Chartres FRA"]
[Date "2022.06.09"]
[Round "1.3"]
[Board "7"]
[White "Daulyte-Cornette, Deimante"]
[Black "Auvray, Juliette"]
[Result "1-0"]
[WhiteTitle "IM"]
[WhiteElo "2384"]
[BlackElo "1970"]
[WhiteTeam "C'Chartres Echecs"]
[BlackTeam "Club 608 d'Echecs Paris"]
[WhiteFideId "12802859"]
[BlackFideId "695904"]
[EventDate "2022.06.09"]

1. e4 c5 2. Nf3 d6 3. Nc3 Nf6 4. e5 dxe5 5. Nxe5 a6 6. g3 g6 7. Bg2 Bg7 8. O-O
O-O 9. a4 Qc7 10. Re1 e6 11. d3 Nh5 12. Qe2 Nc6 13. Nxc6 bxc6 14. Ne4 Qb6 15. a5
Qa7 16. Be3 Bd4 17. c3 Bxe3 18. Qxe3 Qc7 19. Nxc5 Rb8 20. b4 Nf6 21. Rab1 Nd5
22. Qd2 e5 23. c4 Nf6 24. Qg5 Nd7 25. Nxd7 Qxd7 26. Qxe5 Bb7 27. d4 Rbd8 28.
Rbd1 Rfe8 29. Qf6 Qc7 30. h4 h5 31. g4 hxg4 32. h5 gxh5 33. Qg5+ Kf8 34. Qxh5 f6
35. Qh8+ 1-0

[Event "TCh-FRA Top 16 GpA 2022"]
[Site "Chartres FRA"]
[Date "2022.06.09"]
[Round "1.3"]
[Board "8"]
[White "Lemonnier, Remi"]
[Black "Martsynovskaya, Marina"]
[Result "1-0"]
[BlackTitle "WIM"]
[WhiteElo "2033"]
[BlackElo "2070"]
[WhiteTeam "Club 608 d'Echecs Paris"]
[BlackTeam "C'Chartres Echecs"]
[WhiteFideId "648280"]
[BlackFideId "609218"]
[EventDate "2022.06.09"]

1. e4 e5 2. Nf3 Nc6 3. Bc4 Bc5 4. c3 Nf6 5. d3 a6 6. Bb3 d6 7. h3 h6 8. Nbd2 Qe7
9. Nf1 Be6 10. Ne3 Qd7 11. Bxe6 fxe6 12. O-O Ba7 13. Qc2 O-O 14. Ng4 Nh5 15. Be3
Nf4 16. Ngh2 Qf7 17. Bxf4 exf4 18. d4 g5 19. e5 dxe5 20. Ng4 Kg7 21. dxe5 Qf5
22. Qb3 Bb6 23. Rad1 Rf7 24. Rfe1 h5 25. Nf6 g4 26. Nd4 Nxd4 27. cxd4 Rd8 28.
Qc3 gxh3 29. Qf3 Bxd4 30. gxh3 Rxf6 31. exf6+ Kxf6 32. Kh2 e5 33. Qxb7 Bxf2 34.
Rxd8 Bg3+ 35. Kg1 Qc2 36. Qxa6+ Ke7 37. Rxe5+ Kxd8 38. Qa8+ Kd7 39. Qe8+ Kd6 40.
Qe6# 1-0

[Event "TCh-FRA Top 16 GpA 2022"]
[Site "Chartres FRA"]
[Date "2022.06.09"]
[Round "1.4"]
[Board "1"]
[White "Malakhov, Vladimir"]
[Black "Abasov, Nijat"]
[Result "0-1"]
[WhiteTitle "GM"]
[BlackTitle "GM"]
[WhiteElo "2652"]
[BlackElo "2635"]
[WhiteTeam "Tremblay en France"]
[BlackTeam "Grasse Echecs"]
[WhiteFideId "4120787"]
[BlackFideId "13402960"]
[EventDate "2022.06.09"]

1. Nf3 d5 2. e3 Nf6 3. c4 e6 4. d4 a6 5. b3 c5 6. Bd3 cxd4 7. exd4 b6 8. O-O Bb7
9. Bb2 Be7 10. Nbd2 Nbd7 11. Qe2 O-O 12. Rac1 dxc4 13. bxc4 Qc7 14. Ng5 Qf4 15.
Nh3 Qg4 16. f3 Qh5 17. Nf2 Rfe8 18. Nde4 Rac8 19. Rb1 Nxe4 20. Nxe4 Bc6 21. Bc1
f5 22. Nc3 Bd6 23. f4 Qg6 24. Bd2 Bc7 25. Qf2 Nf6 26. h3 b5 27. cxb5 axb5 28.
Bxb5 Ba5 29. Bxc6 Rxc6 30. Qf3 Rec8 31. Rb8 Qe8 32. Rxc8 Qxc8 33. Nb1 Bb6 34.
Qd3 Qa6 35. Qxa6 Bxd4+ 36. Kh2 Rxa6 37. Bc3 Bc5 38. Bxf6 gxf6 39. a3 Kf7 40. Rf3
Ra4 41. g3 h5 42. Rc3 Bd6 43. Rd3 Ke7 44. h4 Ra5 45. Nd2 Rc5 46. Nf1 Rc2+ 47.
Kh3 Ra2 48. Ne3 Bxa3 49. Nc2 Bc5 50. Nd4 Bxd4 51. Rxd4 e5 52. Rd5 e4 53. Rxf5 e3
54. Rb5 Rf2 55. Rb4 f5 56. Rb5 e2 57. Re5+ Kd6 58. g4 hxg4+ 59. Kg3 Rf3+ 60. Kg2
Rxf4 61. Rxe2 Rf3 62. Re8 Rh3 63. Rh8 Ke5 64. h5 Kf6 65. h6 Ke5 0-1

[Event "TCh-FRA Top 16 GpA 2022"]
[Site "Chartres FRA"]
[Date "2022.06.09"]
[Round "1.4"]
[Board "2"]
[White "Santos Ruiz, Miguel"]
[Black "Piorun, Kacper"]
[Result "0-1"]
[WhiteTitle "GM"]
[BlackTitle "GM"]
[WhiteElo "2588"]
[BlackElo "2627"]
[WhiteTeam "Grasse Echecs"]
[BlackTeam "Tremblay en France"]
[WhiteFideId "22291482"]
[BlackFideId "1130420"]
[EventDate "2022.06.09"]

1. e4 e5 2. Nf3 Nc6 3. Bb5 Nf6 4. O-O Nxe4 5. Re1 Nd6 6. Nxe5 Be7 7. Bf1 O-O 8.
d4 Nf5 9. Nf3 d5 10. a4 Bd6 11. h3 Qf6 12. c3 h6 13. Nbd2 Nfe7 14. b4 Ng6 15. g3
Bf5 16. Qb3 Nce7 17. Ba3 Rac8 18. b5 c5 19. bxc6 Rxc6 20. Qxb7 Rxc3 21. Bxd6
Qxd6 22. Qxa7 Be4 23. Nxe4 dxe4 24. Ne5 e3 25. Rxe3 Rxe3 26. fxe3 Nxe5 27. dxe5
Qxe5 28. Qd4 Qxg3+ 29. Bg2 Ng6 30. Kh1 Re8 31. a5 Rxe3 32. a6 Nf4 33. Qd2 Nxg2
34. a7 Qxh3+ 35. Kg1 Nf4 36. a8=Q+ Kh7 37. Qh2 Qg4+ 38. Kh1 Re2 39. Qg8+ Kxg8
40. Ra8+ Kh7 41. Rh8+ Kg6 42. Rxh6+ Kf5 43. Rf6+ Ke5 0-1

[Event "TCh-FRA Top 16 GpA 2022"]
[Site "Chartres FRA"]
[Date "2022.06.09"]
[Round "1.4"]
[Board "3"]
[White "Van Foreest, Lucas"]
[Black "Parligras, Mircea-Emilian"]
[Result "1/2-1/2"]
[WhiteTitle "GM"]
[BlackTitle "GM"]
[WhiteElo "2553"]
[BlackElo "2579"]
[WhiteTeam "Tremblay en France"]
[BlackTeam "Grasse Echecs"]
[WhiteFideId "1039792"]
[BlackFideId "1204297"]
[EventDate "2022.06.09"]

1. d4 Nf6 2. c4 e6 3. Nf3 d5 4. g3 Bb4+ 5. Bd2 Be7 6. Bg2 O-O 7. O-O c6 8. Qc2
b6 9. Rd1 Ba6 10. b3 Nbd7 11. Nc3 dxc4 12. e4 h6 13. h4 b5 14. bxc4 bxc4 15. Bh3
Re8 16. g4 Nh7 17. Bg2 Bxh4 18. Nxh4 Qxh4 19. f3 e5 20. d5 Qf6 21. Qa4 Bb7 22.
dxc6 Qxc6 23. Qxc6 Bxc6 24. Bf1 Ng5 25. Kf2 Rab8 26. Bxc4 Rec8 27. Rac1 Nc5 28.
Be3 Nge6 29. Ne2 Kf8 30. Rd2 a5 31. Rdc2 Bd7 32. Rc3 Na4 33. Bxe6 Bxe6 34. Rxc8+
Rxc8 35. Rxc8+ Bxc8 36. Bd2 Be6 37. Bxa5 Bxa2 38. Nc3 Nxc3 39. Bb4+ Ke8 40. Bxc3 1/2-1/2

[Event "TCh-FRA Top 16 GpA 2022"]
[Site "Chartres FRA"]
[Date "2022.06.09"]
[Round "1.4"]
[Board "4"]
[White "Loiseau, Quentin"]
[Black "Vlachos, Anatole"]
[Result "1-0"]
[WhiteTitle "IM"]
[BlackTitle "IM"]
[WhiteElo "2442"]
[BlackElo "2431"]
[WhiteTeam "Grasse Echecs"]
[BlackTeam "Tremblay en France"]
[WhiteFideId "665274"]
[BlackFideId "26093189"]
[EventDate "2022.06.09"]

1. e4 e5 2. Nf3 Nc6 3. Bc4 Bc5 4. c3 Nf6 5. d4 exd4 6. e5 d5 7. Bb5 Ne4 8. cxd4
Bb6 9. Nc3 Bg4 10. Be3 O-O 11. h3 Bh5 12. Qc2 Nxc3 13. bxc3 Ne7 14. Be2 c6 15.
O-O Bc7 16. Rae1 Qd7 17. Bf4 h6 18. Qd2 Bg6 19. Nh4 Bh7 20. Bg4 Qd8 21. Bg3 c5
22. dxc5 Nc6 23. Nf5 Bxf5 24. Bxf5 d4 25. Bb1 Ba5 26. Qd3 g6 27. e6 Qf6 28. Re4
dxc3 29. Bd6 Rfe8 30. exf7+ Qxf7 31. Rg4 Re6 32. a3 Rf6 33. Qc2 Kh7 34. h4 h5
35. Re4 Re8 36. Rfe1 Nd4 37. Rxe8 Nxc2 38. Bxc2 Qa2 39. R1e7+ Rf7 40. Rxf7+ Qxf7
41. Re7 1-0

[Event "TCh-FRA Top 16 GpA 2022"]
[Site "Chartres FRA"]
[Date "2022.06.09"]
[Round "1.4"]
[Board "5"]
[White "Shchekachev, Andrei"]
[Black "Demuth, Adrien"]
[Result "1/2-1/2"]
[WhiteTitle "GM"]
[BlackTitle "GM"]
[WhiteElo "2507"]
[BlackElo "2492"]
[WhiteTeam "Tremblay en France"]
[BlackTeam "Grasse Echecs"]
[WhiteFideId "4107730"]
[BlackFideId "642274"]
[EventDate "2022.06.09"]

1. Nf3 Nf6 2. c4 g6 3. Nc3 Bg7 4. e4 d6 5. d4 O-O 6. Be2 e5 7. d5 a5 8. h3 Na6
9. Be3 Nh5 10. g3 f5 11. exf5 gxf5 12. Bg5 Qe8 13. Nh4 Nf6 14. g4 f4 15. Nf5
Bxf5 16. gxf5 Nc5 17. Rg1 Kh8 18. Nb5 Qd7 19. Qc2 c6 20. Nc3 cxd5 21. Bxf6 Rxf6
22. Nxd5 Qxf5 23. O-O-O Rf7 24. Qxf5 Rxf5 25. Bg4 Rf7 26. f3 e4 27. fxe4 Nxe4
28. Rgf1 Nf6 1/2-1/2

[Event "TCh-FRA Top 16 GpA 2022"]
[Site "Chartres FRA"]
[Date "2022.06.09"]
[Round "1.4"]
[Board "6"]
[White "Wirig, Anthony"]
[Black "Abergel, Thal"]
[Result "0-1"]
[WhiteTitle "GM"]
[BlackTitle "GM"]
[WhiteElo "2520"]
[BlackElo "2387"]
[WhiteTeam "Grasse Echecs"]
[BlackTeam "Tremblay en France"]
[WhiteFideId "615013"]
[BlackFideId "614890"]
[EventDate "2022.06.09"]

1. e4 c5 2. Nf3 e6 3. g3 Nc6 4. Bg2 Nf6 5. Qe2 d5 6. exd5 Nxd5 7. O-O Be7 8. Rd1
Qb6 9. c3 Bf6 10. Na3 O-O 11. Nc4 Qa6 12. Bf1 b6 13. Qe4 Qb7 14. Nd6 Qe7 15.
Nxc8 Raxc8 16. d3 Bxc3 17. bxc3 Nxc3 18. Qe1 Nxd1 19. Qxd1 Qd6 20. Be3 e5 21.
Rc1 h6 22. Qb3 Kh7 23. Re1 Rc7 24. Bc1 Re7 25. Bb2 Nd4 26. Bxd4 exd4 27. Rxe7
Qxe7 28. h4 Qd6 29. h5 Kg8 30. Nh4 Rd8 31. Bg2 Qe6 32. Qc2 c4 33. dxc4 Qe1+ 34.
Kh2 d3 35. Qb2 Qe2 36. Qc3 d2 37. Nf5 Qxh5+ 38. Bh3 Qxf5 39. Bxf5 d1=Q 40. Kg2
Qd4 41. Qc2 Re8 42. Bh7+ Kf8 43. Bd3 g6 44. Kg1 Kg7 45. Kg2 h5 0-1

[Event "TCh-FRA Top 16 GpA 2022"]
[Site "Chartres FRA"]
[Date "2022.06.09"]
[Round "1.4"]
[Board "7"]
[White "Flom, Gabriel"]
[Black "Barbot, Pierre1"]
[Result "0-1"]
[WhiteTitle "GM"]
[BlackTitle "IM"]
[WhiteElo "2428"]
[BlackElo "2451"]
[WhiteTeam "Tremblay en France"]
[BlackTeam "Grasse Echecs"]
[WhiteFideId "621650"]
[BlackFideId "663727"]
[EventDate "2022.06.09"]

1. d4 Nf6 2. c4 e6 3. Nc3 Bb4 4. Qc2 O-O 5. Nf3 d6 6. Bd2 b6 7. e4 e5 8. O-O-O
Nbd7 9. a3 Bxc3 10. Bxc3 Qe7 11. Re1 c5 12. d5 Re8 13. g3 Nf8 14. Nd2 a6 15. Rg1
Qb7 16. f4 b5 17. fxe5 dxe5 18. Nb3 Bd7 19. Nxc5 Qb6 20. Nxd7 N8xd7 21. Rg2 Rec8
22. cxb5 axb5 23. Qb3 Nxe4 24. Rxe4 Nc5 25. Qxb5 Qxb5 26. Bxb5 Nxe4 27. Bd7 Rc5
28. Bc6 Ra7 29. Rc2 Nxc3 30. Rxc3 Rxc3+ 31. bxc3 Rxa3 32. Kb2 Ra5 33. Kb3 Kf8
34. c4 e4 35. Kc3 Ra3+ 36. Kc2 Ra2+ 37. Kd1 f5 0-1

[Event "TCh-FRA Top 16 GpA 2022"]
[Site "Chartres FRA"]
[Date "2022.06.10"]
[Round "2.1"]
[Board "1"]
[White "Abasov, Nijat"]
[Black "Korobov, Anton"]
[Result "1/2-1/2"]
[WhiteTitle "GM"]
[BlackTitle "GM"]
[WhiteElo "2635"]
[BlackElo "2675"]
[WhiteTeam "Grasse Echecs"]
[BlackTeam "L'Echiquier Chalonnais"]
[WhiteFideId "13402960"]
[BlackFideId "14105730"]
[EventDate "2022.06.09"]

1. e4 c5 2. c3 Nf6 3. e5 Nd5 4. Nf3 Nc6 5. Bc4 Nb6 6. Bb3 d6 7. exd6 Qxd6 8. Na3
Be6 9. O-O Bxb3 10. axb3 Qd3 11. Re1 e6 12. Re3 Qd7 13. Nc4 Nxc4 14. bxc4 Be7
15. d4 cxd4 16. cxd4 O-O 17. b3 Rfd8 1/2-1/2

[Event "TCh-FRA Top 16 GpA 2022"]
[Site "Chartres FRA"]
[Date "2022.06.10"]
[Round "2.1"]
[Board "2"]
[White "Jones, Gawain C B"]
[Black "Demuth, Adrien"]
[Result "1-0"]
[WhiteTitle "GM"]
[BlackTitle "GM"]
[WhiteElo "2665"]
[BlackElo "2492"]
[WhiteTeam "L'Echiquier Chalonnais"]
[BlackTeam "Grasse Echecs"]
[WhiteFideId "409561"]
[BlackFideId "642274"]
[EventDate "2022.06.09"]

1. e4 c5 2. Nf3 e6 3. g3 d5 4. exd5 exd5 5. d4 cxd4 6. Nxd4 Nc6 7. Nc3 Nf6 8.
Bg2 Bc5 9. Nb3 Qe7+ 10. Qe2 Bb4 11. O-O Be6 12. Nb5 O-O 13. c3 Bg4 14. Qxe7 Bxe7
15. Re1 a6 16. Nc7 Rad8 17. Bg5 Rd7 18. Bxf6 Rxc7 19. Bxe7 Nxe7 20. h3 Be6 21.
Nd4 Bc8 22. Rad1 Rd8 23. c4 Kf8 24. cxd5 Nxd5 25. Nb3 Rcd7 26. Nc5 Rd6 27. Ne4
R6d7 28. Nc5 Rd6 29. Rd4 b6 30. Ne4 R6d7 31. h4 Ne7 32. Rb4 b5 33. Nc5 Rd1 34.
Kf1 R1d4 35. a3 Rxb4 36. axb4 Rd2 37. b3 Nd5 38. Bxd5 Rxd5 39. Ra1 Rd4 40. Ke2
Rxb4 41. Kd3 Rg4 42. Nxa6 Bf5+ 43. Kc3 Re4 44. Nb4 g6 45. Ra2 Bd7 46. Rd2 Be6
47. Nc6 h5 48. Nd4 Bd7 49. Re2 Rg4 50. Re5 f6 51. Rd5 Ke7 52. Ne2 b4+ 53. Kd2
Be6 54. Rd3 Re4 55. Nd4 Kf7 56. Nc6 Bf5 57. Rd4 Re8 58. Rxb4 Be4 59. Nd4 g5 60.
Nb5 Kg6 61. Nd6 Rd8 62. Rd4 Bg2 63. b4 Ra8 64. Ke3 Bf1 65. Rd1 Ra3+ 66. Kd4 Bg2
67. b5 Rf3 68. Rd2 gxh4 69. gxh4 Rf4+ 70. Kc5 Rxh4 71. f4 Bf3 72. Rf2 Ba8 73.
Ra2 Bf3 74. Ra3 Rxf4 75. b6 Bh1 76. Ra1 Bg2 77. Rg1 Rg4 78. Rxg2 Rxg2 79. b7 1-0

[Event "TCh-FRA Top 16 GpA 2022"]
[Site "Chartres FRA"]
[Date "2022.06.10"]
[Round "2.1"]
[Board "3"]
[White "Parligras, Mircea-Emilian"]
[Black "Grandelius, Nils"]
[Result "1/2-1/2"]
[WhiteTitle "GM"]
[BlackTitle "GM"]
[WhiteElo "2579"]
[BlackElo "2645"]
[WhiteTeam "Grasse Echecs"]
[BlackTeam "L'Echiquier Chalonnais"]
[WhiteFideId "1204297"]
[BlackFideId "1710400"]
[EventDate "2022.06.09"]

1. d4 d5 2. c4 c6 3. Nf3 Nf6 4. Nc3 dxc4 5. a4 Bf5 6. Ne5 Nbd7 7. Nxc4 Qc7 8. g3
e5 9. dxe5 Nxe5 10. Bf4 Nfd7 11. Bg2 g5 12. Bxe5 Nxe5 13. Qd4 f6 14. Ne3 Bg6 15.
h4 Qd8 16. Qxd8+ Rxd8 17. hxg5 fxg5 18. Be4 Bc5 19. Bxg6+ Nxg6 20. Ne4 Bxe3 21.
fxe3 h6 22. a5 Ke7 23. Ra4 Rd5 24. Rb4 Rb5 25. Rxb5 cxb5 26. Nc5 b6 27. axb6
axb6 28. Nd3 1/2-1/2

[Event "TCh-FRA Top 16 GpA 2022"]
[Site "Chartres FRA"]
[Date "2022.06.10"]
[Round "2.1"]
[Board "4"]
[White "Fedorchuk, Sergey A."]
[Black "Santos Ruiz, Miguel"]
[Result "1/2-1/2"]
[WhiteTitle "GM"]
[BlackTitle "GM"]
[WhiteElo "2612"]
[BlackElo "2588"]
[WhiteTeam "L'Echiquier Chalonnais"]
[BlackTeam "Grasse Echecs"]
[WhiteFideId "14102536"]
[BlackFideId "22291482"]
[EventDate "2022.06.09"]

1. e4 e5 2. Nf3 Nf6 3. Nxe5 d6 4. Nf3 Nxe4 5. Nc3 Nxc3 6. dxc3 Be7 7. Be3 O-O 8.
Qd2 Nd7 9. O-O-O Re8 10. Kb1 Nf6 11. Bd3 d5 12. Rhe1 Bg4 13. Bd4 c5 1/2-1/2

[Event "TCh-FRA Top 16 GpA 2022"]
[Site "Chartres FRA"]
[Date "2022.06.10"]
[Round "2.1"]
[Board "5"]
[White "Barbot, Pierre1"]
[Black "Edouard, Romain"]
[Result "1/2-1/2"]
[WhiteTitle "IM"]
[BlackTitle "GM"]
[WhiteElo "2451"]
[BlackElo "2575"]
[WhiteTeam "Grasse Echecs"]
[BlackTeam "L'Echiquier Chalonnais"]
[WhiteFideId "663727"]
[BlackFideId "633429"]
[EventDate "2022.06.09"]

1. d4 f5 2. Nf3 Nf6 3. Bf4 d6 4. e3 g6 5. Be2 Bg7 6. O-O O-O 7. c4 Ne4 8. h3 Nc6
9. Nbd2 e5 10. Bh2 Ng5 11. c5 Nxf3+ 12. Nxf3 e4 13. cxd6 cxd6 14. Nd2 d5 15. Rc1
f4 16. Bxf4 Nxd4 17. Bc7 Nxe2+ 18. Qxe2 Qg5 19. f4 exf3 20. Nxf3 Qe7 21. Bg3 Re8
22. Rc7 Qxe3+ 23. Qxe3 Rxe3 24. Bf2 Re4 25. Rfc1 Rc4 26. R1xc4 dxc4 27. Bd4 Bh6 1/2-1/2

[Event "TCh-FRA Top 16 GpA 2022"]
[Site "Chartres FRA"]
[Date "2022.06.10"]
[Round "2.1"]
[Board "6"]
[White "David, Alberto"]
[Black "Wirig, Anthony"]
[Result "1/2-1/2"]
[WhiteTitle "GM"]
[BlackTitle "GM"]
[WhiteElo "2520"]
[BlackElo "2520"]
[WhiteTeam "L'Echiquier Chalonnais"]
[BlackTeam "Grasse Echecs"]
[WhiteFideId "4000013"]
[BlackFideId "615013"]
[EventDate "2022.06.09"]

1. e4 c5 2. Nf3 e6 3. g3 d5 4. exd5 exd5 5. d4 cxd4 6. Nxd4 Nc6 7. Bg2 Bc5 8.
Nb3 Qe7+ 9. Kf1 Bb6 10. Nc3 Nf6 11. Bg5 Be6 12. Qf3 O-O-O 13. Rd1 Rhe8 14. Na4
d4 15. Nxb6+ axb6 16. Kg1 Qd7 17. Qf4 1/2-1/2

[Event "TCh-FRA Top 16 GpA 2022"]
[Site "Chartres FRA"]
[Date "2022.06.10"]
[Round "2.1"]
[Board "7"]
[White "Milliet, Sophie"]
[Black "Velten, Paul"]
[Result "0-1"]
[WhiteTitle "IM"]
[BlackTitle "GM"]
[WhiteElo "2392"]
[BlackElo "2486"]
[WhiteTeam "Grasse Echecs"]
[BlackTeam "L'Echiquier Chalonnais"]
[WhiteFideId "623725"]
[BlackFideId "681091"]
[EventDate "2022.06.09"]

1. e4 e6 2. d4 d5 3. Nc3 Bb4 4. e5 b6 5. a3 Bf8 6. Nf3 Ne7 7. h4 h5 8. Bg5 Qd7
9. b4 Ba6 10. b5 Bb7 11. Bd3 c5 12. bxc6 Nexc6 13. O-O Ba6 14. Ne2 Be7 15. Bxa6
Nxa6 16. Qd3 Nc7 17. c4 dxc4 18. Qxc4 Nd5 19. Ng3 f6 20. exf6 gxf6 21. Bd2 Bd6
22. Ne4 Nce7 23. Rfe1 Rc8 24. Qb3 a5 25. Re2 Rc6 26. Rae1 Bc7 27. a4 Rg8 28. Qb5
Kf7 29. Nxf6 Nxf6 30. Ng5+ Rxg5 31. hxg5 Nfd5 32. Rxe6 Bd6 33. Rh6 Qg4 34. Qd3
Ke8 35. Qb5 Kd8 36. Rh8+ Kd7 37. Rh7 Qxd4 38. Rc1 Bc5 39. Be3 Nxe3 40. Rxe7+
Kxe7 41. Qxc6 Ng4 42. Re1+ Kf7 43. Qf3+ Kg6 44. Rf1 Kxg5 45. g3 Nxf2 46. Kg2 Qd2
47. Rxf2 Qxf2+ 48. Qxf2 Bxf2 49. Kxf2 Kf5 50. Kf3 Ke5 51. Ke3 Kd5 52. Kd3 Kc5
53. Kc3 b5 54. axb5 Kxb5 55. Kb3 Kc5 56. Ka4 Kd4 57. Kxa5 Ke4 58. Kb4 Kf3 59.
Kc3 Kxg3 60. Kd2 Kg2 0-1

[Event "TCh-FRA Top 16 GpA 2022"]
[Site "Chartres FRA"]
[Date "2022.06.10"]
[Round "2.1"]
[Board "8"]
[White "Alexieva, Silvia"]
[Black "Loiseau, Quentin"]
[Result "1/2-1/2"]
[WhiteTitle "IM"]
[BlackTitle "IM"]
[WhiteElo "2231"]
[BlackElo "2442"]
[WhiteTeam "L'Echiquier Chalonnais"]
[BlackTeam "Grasse Echecs"]
[WhiteFideId "2902265"]
[BlackFideId "665274"]
[EventDate "2022.06.09"]

1. d4 Nf6 2. Bf4 g6 3. Nc3 d5 4. e3 Bg7 5. h4 h5 6. Be2 O-O 7. Nf3 c5 8. Ne5 Nc6
9. Qd2 Qa5 10. O-O Bf5 11. Rfd1 Rfd8 12. Nxc6 bxc6 13. Nxd5 Qxd2 14. Nxf6+ Bxf6
15. Rxd2 cxd4 16. exd4 Rxd4 17. Rxd4 Bxd4 18. c3 Bf6 19. Bf3 Rc8 20. g3 Be6 21.
Kg2 Bd5 22. Re1 e6 23. Be5 Kg7 24. b3 Bxe5 25. Rxe5 Kf6 26. Re2 Rd8 27. Be4 e5
28. Kf1 Ke6 29. Ke1 Rd6 30. Bc2 Bf3 1/2-1/2

[Event "TCh-FRA Top 16 GpA 2022"]
[Site "Chartres FRA"]
[Date "2022.06.10"]
[Round "2.2"]
[Board "1"]
[White "Postny, Evgeny"]
[Black "Ragger, Markus"]
[Result "0-1"]
[WhiteTitle "GM"]
[BlackTitle "GM"]
[WhiteElo "2562"]
[BlackElo "2643"]
[WhiteTeam "Club d'Echecs Metz Fischer"]
[BlackTeam "Bischwiller"]
[WhiteFideId "2804344"]
[BlackFideId "1610856"]
[EventDate "2022.06.09"]

1. d4 Nf6 2. c4 g6 3. Nc3 d5 4. Nf3 Bg7 5. e3 O-O 6. Bd2 e6 7. Qc2 Nbd7 8. Rd1
Qe7 9. cxd5 exd5 10. Be2 c6 11. O-O Ne4 12. Bc1 Re8 13. Nd2 Ndf6 14. Bd3 Bf5 15.
Rde1 Rad8 16. Nb3 Nd6 17. Re2 h5 18. f3 Bxd3 19. Qxd3 Nf5 20. Rfe1 Qc7 21. Nd2
a6 22. Nf1 c5 23. dxc5 Qxc5 24. Kh1 b5 25. a3 Qc4 26. Qxc4 dxc4 27. Rd2 Rxd2 28.
Bxd2 Nd7 29. a4 b4 30. Nd5 a5 31. e4 Ne7 32. Nxe7+ Rxe7 33. Bg5 Re8 34. Rd1 Nb6
35. Bd8 Nxa4 36. Bxa5 Nxb2 37. Rc1 Rb8 0-1

[Event "TCh-FRA Top 16 GpA 2022"]
[Site "Chartres FRA"]
[Date "2022.06.10"]
[Round "2.2"]
[Board "2"]
[White "Fressinet, Laurent"]
[Black "Ganguly, Surya Shekhar"]
[Result "1/2-1/2"]
[WhiteTitle "GM"]
[BlackTitle "GM"]
[WhiteElo "2624"]
[BlackElo "2616"]
[WhiteTeam "Bischwiller"]
[BlackTeam "Club d'Echecs Metz Fischer"]
[WhiteFideId "608742"]
[BlackFideId "5002150"]
[EventDate "2022.06.09"]

1. d4 Nf6 2. Nf3 d5 3. c4 e6 4. Nc3 c5 5. cxd5 Nxd5 6. e4 Nxc3 7. bxc3 cxd4 8.
cxd4 Bb4+ 9. Bd2 Bxd2+ 10. Qxd2 O-O 11. Bc4 Nd7 12. O-O b6 13. Rad1 Bb7 14. Rfe1
Rc8 15. Bb3 h6 16. h3 Nf6 17. Qf4 Qc7 18. Ne5 Nd7 19. Nd3 Qxf4 20. Nxf4 Rfe8 21.
f3 b5 22. a4 bxa4 1/2-1/2

[Event "TCh-FRA Top 16 GpA 2022"]
[Site "Chartres FRA"]
[Date "2022.06.10"]
[Round "2.2"]
[Board "3"]
[White "Visakh, N R"]
[Black "Rodshtein, Maxim"]
[Result "1/2-1/2"]
[WhiteTitle "GM"]
[BlackTitle "GM"]
[WhiteElo "2506"]
[BlackElo "2585"]
[WhiteTeam "Club d'Echecs Metz Fischer"]
[BlackTeam "Bischwiller"]
[WhiteFideId "25012223"]
[BlackFideId "2806851"]
[EventDate "2022.06.09"]

1. d4 Nf6 2. c4 g6 3. Nc3 d5 4. cxd5 Nxd5 5. e4 Nxc3 6. bxc3 Bg7 7. Nf3 c5 8.
Bb5+ Nc6 9. d5 Qa5 10. Rb1 Bxc3+ 11. Bd2 a6 12. Bxc6+ bxc6 13. dxc6 Be6 14. Rc1
Bb4 15. O-O O-O 16. Bxb4 cxb4 17. Qd2 Rfd8 18. Qb2 Rac8 19. Rc2 Rd3 20. Nd4 Bxa2
21. Qxa2 Qxa2 22. Rxa2 Rxd4 23. Rxa6 Rc4 24. Rb1 R8xc6 25. Rxc6 Rxc6 26. f3 Rc4
27. Kf2 h5 28. e5 g5 29. Ke3 Kg7 30. Kd3 Rh4 31. Rh1 Rf4 32. Ra1 g4 33. Ke3 Rc4
34. Ra7 e6 35. Rb7 Kg6 36. fxg4 hxg4 37. Kd3 Rf4 38. g3 Rf3+ 39. Ke4 b3 40. Rb8
Rf2 41. Rxb3 Rxh2 42. Kf4 Rh5 43. Re3 1/2-1/2

[Event "TCh-FRA Top 16 GpA 2022"]
[Site "Chartres FRA"]
[Date "2022.06.10"]
[Round "2.2"]
[Board "4"]
[White "Bacrot, Etienne"]
[Black "Koch, Jean-Rene"]
[Result "1-0"]
[WhiteTitle "GM"]
[BlackTitle "IM"]
[WhiteElo "2641"]
[BlackElo "2441"]
[WhiteTeam "Bischwiller"]
[BlackTeam "Club d'Echecs Metz Fischer"]
[WhiteFideId "605506"]
[BlackFideId "600148"]
[EventDate "2022.06.09"]

1. e4 e5 2. Nf3 Nf6 3. Nxe5 d6 4. Nf3 Nxe4 5. d4 d5 6. Bd3 Nc6 7. O-O Bg4 8. c4
Nf6 9. Nc3 Bxf3 10. Qxf3 Nxd4 11. Qh3 dxc4 12. Bxc4 Be7 13. Bg5 O-O 14. Rfe1 Qd6
15. Rxe7 Qxe7 16. Nd5 Qe5 17. Bxf6 gxf6 18. Qh6 Nf3+ 19. gxf3 Qg5+ 20. Qxg5+
fxg5 21. Re1 c6 22. Ne7+ Kg7 23. Nf5+ Kf6 24. Nd6 b6 25. Ne4+ Kg6 26. Ng3 Rfe8
27. Bd3+ Kg7 28. Be4 Rad8 29. Nf5+ Kf6 30. Ne3 Rd2 31. Bxc6 Rc8 32. Bd5 Rc5 33.
Bb3 h5 34. Rb1 Kg6 35. Nf1 Rd3 36. Kg2 g4 37. Ne3 f5 38. f4 Rd4 39. Kg3 h4+ 40.
Kxh4 Rxf4 41. Kg3 Rd4 42. Rd1 Rxd1 43. Bxd1 Kg5 44. h4+ gxh3 45. f4+ Kf6 46.
Kxh3 Rc1 47. a4 a6 48. Kg3 b5 49. axb5 axb5 50. Bc2 Re1 51. Kf3 1-0